000 005430000a22001930004500
999 _c49107
_d49107
001 1956
003 CO-MdFUSB
005 20171006161017.0
008 170912b xxu||||| |||| 00| 0 eng d
020 _a980-6993-33-4
040 _cCO-MdBIC
082 0 4 _a790 D269q
100 1 _aDautant, Maíte
245 1 0 _aEl que ríe de último... / Maíte Dautant ; ilustraciones de Abilio Padrón
260 _aCaracas : Ediciones B
300 _a48 p.
650 1 4 _aAcertijos \ Adivinanzas \ Juegos literarios \ Juegos de palabras
942 _cLGB